000 00583cam a22001932 4500
001 0000008518
005 20151217152035.0
008 080418s xx 000 0 eng d
020 _a1856841650 :
_cKES 730
040 _aKABU
_cKABU
100 1 _aBarclay, Ian.
_@0000159148
245 1 0 _aJohn's gospel :
_bCrossway Bible guide /
_cIan Barclay.
260 _aLeicester, England :
_bCrossway Books,
_c1997.
300 _a222 p.
650 0 _aBible.N. T. John
_xStudy and teaching.
_@0000159149
908 _a080418
950 _@1
999 _c7615
_d7615